000 00308nam a22001337a 4500
008 170615b xxu||||| |||| 00| 0 eng d
020 _a0824785908
041 _aeng
080 _24TH
_a328
100 _a19
101 _aSHP
245 _aPERSONNEL MAGAGEMENT IN GOVERNMENT
_cSHAFRITZ,J,M
942 _2udc
_cBK
999 _c17597
_d17597